<?xml version="1.0" encoding="UTF-8"?><?xml-stylesheet type="text/xsl" href="static/style.xsl"?><OAI-PMH xmlns="http://www.openarchives.org/OAI/2.0/" xmlns:xsi="http://www.w3.org/2001/XMLSchema-instance" xsi:schemaLocation="http://www.openarchives.org/OAI/2.0/ http://www.openarchives.org/OAI/2.0/OAI-PMH.xsd"><responseDate>2026-04-13T02:39:45Z</responseDate><request verb="GetRecord" identifier="oai:www.recercat.cat:2072/467268" metadataPrefix="marc">https://recercat.cat/oai/request</request><GetRecord><record><header><identifier>oai:recercat.cat:2072/467268</identifier><datestamp>2025-07-29T21:34:27Z</datestamp><setSpec>com_2072_98</setSpec><setSpec>col_2072_378192</setSpec></header><metadata><record xmlns="http://www.loc.gov/MARC21/slim" xmlns:dcterms="http://purl.org/dc/terms/" xmlns:xsi="http://www.w3.org/2001/XMLSchema-instance" xmlns:doc="http://www.lyncode.com/xoai" xsi:schemaLocation="http://www.loc.gov/MARC21/slim http://www.loc.gov/standards/marcxml/schema/MARC21slim.xsd">
   <leader>00925njm 22002777a 4500</leader>
   <datafield ind2=" " ind1=" " tag="042">
      <subfield code="a">dc</subfield>
   </datafield>
   <datafield ind2=" " ind1=" " tag="720">
      <subfield code="a">Maestripieri, Lara</subfield>
      <subfield code="e">author</subfield>
   </datafield>
   <datafield ind2=" " ind1=" " tag="720">
      <subfield code="a">Firinu, Antonio</subfield>
      <subfield code="e">author</subfield>
   </datafield>
   <datafield ind2=" " ind1=" " tag="260">
      <subfield code="c">2022</subfield>
   </datafield>
   <datafield ind2=" " ind1=" " tag="520">
      <subfield code="a">The 'dualisation' debate has given new emphasis to studies investigating labour market segmentation. However, we argue that the traditional dual divide between insider/outsider workers becomes inadequate when analysing the Italian labour market - which features a long series of reforms that segmented the labour market into several categories of workers. This paper aims to investigate the interrelation between the institutional dimensions of labour markets and their consequences on workers' inclusion in social protection schemes, adopting an analytical framework to introduce an additional category of workers, i.e. marginal workers. Marginal workers are non-standard workers whose involuntary, intermittent and ambiguous character in the labour market prevents them from accessing social protection. Focusing on Italy, we provide empirical evidence, we put forward the following arguments a) marginal work is the result of a disjunction between social protection and non-standard work b) marginal work mainly concerns younger generations. One reason for this might be the systematic application of new dismissal rules to new entrants.</subfield>
   </datafield>
   <datafield tag="653" ind2=" " ind1=" ">
      <subfield code="a">Dualisation</subfield>
   </datafield>
   <datafield tag="653" ind2=" " ind1=" ">
      <subfield code="a">Labour market segmentation</subfield>
   </datafield>
   <datafield tag="653" ind2=" " ind1=" ">
      <subfield code="a">Marginal work</subfield>
   </datafield>
   <datafield ind2="0" ind1="0" tag="245">
      <subfield code="a">Beyond dualism : The emergence of marginal work in Italy</subfield>
   </datafield>
</record></metadata></record></GetRecord></OAI-PMH>